CARF Conselho Administrativo de Recursos Fiscais

Detalles Bibliográficos
Formato: Revista
Lenguaje:portugués
Publicado: Brasilia : Conselho Administrativo de Recursos Fiscais, 1988-
Materias:
Acceso en línea:http://www.vlex.com/source/10913

MARC

LEADER 00000nas a22000007a 4500
005 20130503144852.0
007 cr|||| ||||
008 130503c1988 bl u|p s|||| 0|||b1por d
035 |a 10913 
040 |a vLex 
090 |c 4277  |d 4277 
245 0 0 |a CARF  |b Conselho Administrativo de Recursos Fiscais  |h [Recurso electrn̤ico] 
256 |a Servicio en ln̕ea 
260 |a Brasilia :  |b Conselho Administrativo de Recursos Fiscais,  |c 1988- 
300 |a 1 Recurso electrn̤ico 
506 |d vLex Global  |d vLex Global (Academic Edition, excluding Law Schools)  |d vLex Global (U.S. Academic Edition, Law Schools)  |d vLex Global (U.S. Academic Edition, excluding Law Schools)  |d vLex Global (Academic Edition, Law Schools) 
650 0 4 |a Derecho tributario  |v Revistas  |z Brasil 
650 0 4 |a Jurisprudencia  |v Revistas  |z Brasil 
740 |a vLex Revistas (Servicio en ln̕ea) 
856 |a Acceso restringido  |u http://www.vlex.com/source/10913 
942 |c REV 
999 0 |a Taxation